RATTAN furniture production : a technology guidebook

Bibliographic Details
Corporate Author: ASEAN Timber Technology Centre (ATTC)
Format: Book
Published: Kuala Lumpur : ASEAN Timber Technology Centre , 1991
Subjects:

MARC

LEADER 00000cam a2200000 7i4500
001 0000001896
005 20020411.0
020 0 0 |a 983997520X 
090 0 0 |a 684.106   |b RAT 1991 
245 0 0 |a RATTAN furniture production :   |b a technology guidebook   |c produced by ASEAN Timber Technology Centre 
260 0 0 |a Kuala Lumpur :   |b ASEAN Timber Technology Centre ,   |c 1991 
300 |a 96 p. :   |b ill. ;   |c 29 cm. 
650 0 0 |a Furniture making 
650 0 0 |a Rattan furniture 
710 1 1 |a ASEAN Timber Technology Centre (ATTC) 
998 |a JPSM 
999 |a 0000003023   |b Monograph   |c Open Shelf   |e Default branch